Advokát chudobných

Bibliographic Details
Main Author: Grisham, John, 1955- (Author)
Other Authors: Redlingerová, Alena, 1946- (Translator)
Format: Book
Language:Slovak
English
PhysicalDescription:255 s. 22 cm
Published: Bratislava Ikar 1998
ISBN:8071186325
Subjects:

MARC

LEADER 00000cam a2200000 a 4500
001 vtls001345175
003 SK-MaSNL
005 20260302070809.0
008 240709s1998 xo gr 000 f slo
015 |a SNBA1999/02-00591 
020 |a 8071186325 
035 |a SNK000298391 
035 |a urn:nbn:sk:snk-amkic0 
035 |a urn:nbn:sk:snk-am008h5v 
035 |a DED9E50F-8351-430C-8390-9BDC1942CB97 
040 |a SNK  |b slo  |c SNK  |e AACR2 
041 1 |a slo  |h eng 
044 |a xo  |c SK 
072 7 |a 821.111(73)-3  |x Americká próza  |2 konspekt 
080 |a 820 (73)-3  |2 1981 
080 |a 821.111(73)-31  |2 2011 
080 |a (0:82-312.4)  |2 2011 
100 1 |a Grisham, John,  |d 1955-  |4 aut  |9 203201 
240 1 0 |a The street lawyer  |l Slovensky 
245 1 0 |a Advokát chudobných  |c John Grisham ; z anglického originálu The street lawyer ... preložila Alena Redlingerová 
260 |a Bratislava  |b Ikar  |c 1998 
300 |a 255 s.  |c 22 cm 
655 7 |a americké romány  |2 SNKPH  |9 1174 
655 7 |a trilery (romány)  |2 SNKPH  |9 151146 
700 1 |a Redlingerová, Alena,  |d 1946-  |4 trl  |9 117974 
852 |a Slovenská národná knižnica 
919 |a 80-7118-632-5 
954 |a beletria cudzojazyčná (svetová)  |2 lita 
958 |a UP 
958 |a LX 
968 |b ENG 
999 |c 1149050  |d 1150980 
952 |t P60, <03>, [BOOK], {603}  |a SNK  |b SNK  |y PREZ  |7 0  |p 17A0165207  |o snkSC 96964  |i snkKSP 9695/98  |0 0  |1 0  |4 0  |d 1998-10-20  |f 1  |l 0  |r 2025-09-16 00:00:00  |w 2026-02-24 
952 |t P60, <05>, [BOOK], {605}  |a SNK  |b SNK  |y PREZ  |7 0  |p 17A0165313  |o snkSC 96964 D1  |i snkKSP 9766/98  |0 0  |1 0  |4 0  |d 1998-10-22  |l 0  |r 2005-01-02 00:00:00  |w 2026-02-24